Vở bài tập tiếng Việt 2 T.1

Bewaard in:
Bibliografische gegevens
Hoofdauteur: Nguyễn, Minh Thuyết
Andere auteurs: Trần, Mạnh Hưởng
Formaat: Boek
Taal:Undetermined
Gepubliceerd in: H. Giáo dục 2003
Onderwerpen:
Online toegang:http://lrc.tdmu.edu.vn/opac/search/detail.asp?aID=2&ID=4461
Tags: Voeg label toe
Geen labels, Wees de eerste die dit record labelt!
Thư viện lưu trữ: Trung tâm Học liệu Trường Đại học Thủ Dầu Một
LEADER 00702nam a2200217Ia 4500
001 TDMU_4461
008 210410s9999 xx 000 0 und d
082 |a 372.6076 
090 |b NG525 
100 |a Nguyễn, Minh Thuyết 
245 0 |a Vở bài tập tiếng Việt 2 
245 0 |c Nguyễn Minh Thuyết 
245 0 |n T.1 
260 |a H. 
260 |b Giáo dục 
260 |c 2003 
300 |a 84tr 
650 |a Tiếng Việt  |x Giảng dạy và học tập; Sách lớp 2 
700 |a Trần, Mạnh Hưởng 
856 |u http://lrc.tdmu.edu.vn/opac/search/detail.asp?aID=2&ID=4461 
980 |a Trung tâm Học liệu Trường Đại học Thủ Dầu Một